Music Quiz

Random Music or Clickable Quiz

The Struggle Is Real - Musicians Quiz Stats

Quiz Updated Sep 6, 2017

Challenge
Share
Tweet
Embed
Score 0/22 Timer 06:00
7 Plays Today
% Correct
Michael Jackson
96.9%
The Beatles
95.8%
Bee Gees
95.3%
Queen
92.7%
Dolly Parton
91.5%
Justin Timberlake
91.1%
Britney Spears
90.4%
Lady Gaga
90.3%
Taylor Swift
89.7%
Mariah Carey
89.4%
Katy Perry
88.2%
% Correct
Adele
87.7%
Janis Joplin
84.8%
U2
84.7%
Alanis Morissette
83.1%
Fleetwood Mac
82.1%
Journey
81.9%
Elton John
81.6%
Eminem
80.5%
Gotye
78.9%
Sia
75.4%
Paula Cole
69.2%

You're not logged in!

Compare scores with friends on all Sporcle quizzes.
Sign Up with Email
OR
Log In

You Might Also Like...

Show Comments

Extras

Top Quizzes Today


Score Distribution

Your Account Isn't Verified!

In order to create a playlist on Sporcle, you need to verify the email address you used during registration. Go to your Sporcle Settings to finish the process.

Report this User

Report this user for behavior that violates our Community Guidelines.

Details: